00595cam a2200193 a 4500020002400000040000800024082002600032100002400058245002200082250002500104260004500129300002600174500002000200650001700220650003000237650001200267710005600279856006600335 a0394726251 (pbk.) : cDLC00a909 VIN 1985 A100 Or.1 aBoorstin, Daniel J.14aThe discoverers / a1st Vintage Book ed. aNew York :bVintage Books,c1985, c1983. axvi, 745 p. ;c21 cm. aIncludes index. 0aCivilization 0aDiscoveries in geography. 0aScience2 aDaniel J. Boorstin Collection (Library of Congress)42uhttp://www.loc.gov/catdir/enhancements/fy0601/84040056-d.html